Dokonalé ticho /
Další z detektivních případů inspektora Luca Callanacha a šéfinspektorky Avy Turnerové.
Uloženo v:
| Série: | Inspektor Luc Callanach,
část 4 |
|---|---|
| Hlavní autor: | |
| Další autoři: | , , |
| Médium: | E-audiokniha |
| Jazyk: | Czech |
| Vydáno: |
Praha :
Voxi,
[2020]
|
| Edice: | Top thriller
|
| Témata: | |
| Příbuzné jednotky: | Z cyklu::
Inspektor Luc Callanach |
| Tagy: |
Žádné tagy |
| LEADER | 05254nim a2201213 ia4500 | ||
|---|---|---|---|
| 001 | 313091 | ||
| 003 | CZ PrSKC | ||
| 005 | 20260601215735.0 | ||
| 007 | sd fungnnmmned | ||
| 008 | 200728t20202020xr nnnng f n cze | ||
| 015 | |a cnb003240132 | ||
| 024 | 3 | |a 8594050430655 | |
| 040 | |a ABA001 |b cze |e rda | ||
| 041 | 1 | |d cze |h eng | |
| 072 | 7 | |a 821.111-3 |x Anglická próza, anglicky psaná |2 Konspekt | |
| 080 | |a 821.111-31 |2 MRF | ||
| 080 | |a (0:82-312.4) |2 MRF | ||
| 080 | |a (086.7)08 |2 MRF | ||
| 080 | |a (086.76) |2 MRF | ||
| 100 | 1 | |a Fields, Helen, |d 1969- |7 xx0224480 |4 aut | |
| 245 | 1 | 0 | |a Dokonalé ticho / |c Helen Fieldsová ; z anglického originálu Perfect silence přeložila Nela Knapová |
| 264 | 1 | |a Praha : |b Voxi, |c [2020] | |
| 264 | 4 | |c ©2020 | |
| 300 | |a 2 audiodisky (15 hod., 26 min.) ; |c 12 cm | ||
| 306 | |a 152600 | ||
| 336 | |a mluvené slovo |b spw |2 rdacontent | ||
| 337 | |a audio |b s |2 rdamedia | ||
| 338 | |a audiodisk |b sd |2 rdacarrier | ||
| 344 | |a digital |b optical |2 rda | ||
| 347 | |a audio soubor |b MP3 |2 rda | ||
| 490 | 1 | |a Top thriller | |
| 500 | |a Název z disku | ||
| 500 | |a Copyright Albatros Media | ||
| 500 | |a Nezkrácená audiokniha ve formátu MP3 na dvou CD | ||
| 500 | |a Podle stejnojmenné knihy vydané nakladatelstvím Kniha Zlín v roce 2020 | ||
| 508 | |a Režie Matin Šebestík | ||
| 511 | 0 | |a Čte Jan Šťastný | |
| 520 | 2 | |a Další z detektivních případů inspektora Luca Callanacha a šéfinspektorky Avy Turnerové. |b Na okraji Edinburghu je nalezeno pohozené dívčí tělo s vyřezanými kusy kůže. Když později inspektor Luc Callanach objeví vedle opuštěného kojence strašidelnou postavičku, pochopí princip zvrácené hry: vrah bere materiál na panenky z těla svých obětí. Navíc někdo drogově závislým v bezvědomí vyřezává do tváře písmeno Z. Jde o stejného pachatele? Luc a jeho kolegyně Ava musí vypátrat zabijáka dřív, než udeří znovu - stihnou to, nebo už je příliš pozdě? Nakladatelská anotace. | |
| 655 | 7 | |a anglické romány |7 fd131814 |2 czenas | |
| 655 | 7 | |a detektivní romány |7 fd132010 |2 czenas | |
| 655 | 7 | |a thrillery (romány) |7 fd184206 |2 czenas | |
| 655 | 7 | |a audioknihy |7 fd119452 |2 czenas | |
| 655 | 7 | |a kompaktní disky |7 fd201991 |2 czenas | |
| 700 | 1 | |a Knapová, Nela |7 ola2015884249 |4 trl | |
| 700 | 1 | |a Šebestík, Martin |7 xx0089616 |4 drt | |
| 700 | 1 | |a Šťastný, Jan, |d 1965- |7 jn19981002491 |4 nrt | |
| 787 | 0 | 8 | |i Z cyklu: |t Inspektor Luc Callanach |g 4 |
| 830 | 0 | |a Top thriller | |
| 900 | |a ABA001 |b 18 | ||
| 044 | |a xr | ||
| 505 | 0 | 0 | |t Uvod (1 min., 18 sek.) |
| 505 | 0 | 0 | |t Kapitola 1 (20 min., 2 sek.) |
| 505 | 0 | 0 | |t Kapitola 2 (18 min., 29 sek.) |
| 505 | 0 | 0 | |t Kapitola 3 (19 min., 10 sek.) |
| 505 | 0 | 0 | |t Kapitola 4 (17 min., 8 sek.) |
| 505 | 0 | 0 | |t Kapitola 5 (22 min., 44 sek.) |
| 505 | 0 | 0 | |t Kapitola 6 (17 min., 56 sek.) |
| 505 | 0 | 0 | |t Kapitola 7 (19 min., 32 sek.) |
| 505 | 0 | 0 | |t Kapitola 8 (20 min., 2 sek.) |
| 505 | 0 | 0 | |t Kapitola 9 (17 min., 52 sek.) |
| 505 | 0 | 0 | |t Kapitola 10 (19 min., 47 sek.) |
| 505 | 0 | 0 | |t Kapitola 11 (19 min., 34 sek.) |
| 505 | 0 | 0 | |t Kapitola 12 (20 min., 19 sek.) |
| 505 | 0 | 0 | |t Kapitola 13 (20 min., 12 sek.) |
| 505 | 0 | 0 | |t Kapitola 14 (21 min., 5 sek.) |
| 505 | 0 | 0 | |t Kapitola 15 (19 min., 24 sek.) |
| 505 | 0 | 0 | |t Kapitola 16 (20 min., 30 sek.) |
| 505 | 0 | 0 | |t Kapitola 17 (17 min., 30 sek.) |
| 505 | 0 | 0 | |t Kapitola 18 (22 min., 49 sek.) |
| 505 | 0 | 0 | |t Kapitola 19 (16 min., 31 sek.) |
| 505 | 0 | 0 | |t Kapitola 20 (16 min., 40 sek.) |
| 505 | 0 | 0 | |t Kapitola 21 (20 min., 13 sek.) |
| 505 | 0 | 0 | |t Kapitola 22 (21 min., 46 sek.) |
| 505 | 0 | 0 | |t Kapitola 23 (20 min., 28 sek.) |
| 505 | 0 | 0 | |t Kapitola 24 (9 min., 56 sek.) |
| 505 | 0 | 0 | |t Kapitola 25 (11 min., 42 sek.) |
| 505 | 0 | 0 | |t Kapitola 26 (21 min., 39 sek.) |
| 505 | 0 | 0 | |t Kapitola 27 (21 min., 20 sek.) |
| 505 | 0 | 0 | |t Kapitola 28 (18 min., 31 sek.) |
| 505 | 0 | 0 | |t Kapitola 29 (24 min., 19 sek.) |
| 505 | 0 | 0 | |t Kapitola 30 (11 min., 24 sek.) |
| 505 | 0 | 0 | |t Kapitola 31 (24 min., 19 sek.) |
| 505 | 0 | 0 | |t Kapitola 32 (28 min., 0 sek.) |
| 505 | 0 | 0 | |t Kapitola 33 (18 min., 47 sek.) |
| 505 | 0 | 0 | |t Kapitola 34 (22 min., 19 sek.) |
| 505 | 0 | 0 | |t Kapitola 35 (17 min., 18 sek.) |
| 505 | 0 | 0 | |t Kapitola 36 (20 min., 45 sek.) |
| 505 | 0 | 0 | |t Kapitola 37 (18 min., 34 sek.) |
| 505 | 0 | 0 | |t Kapitola 38 (19 min., 52 sek.) |
| 505 | 0 | 0 | |t Kapitola 39 (27 min., 50 sek.) |
| 505 | 0 | 0 | |t Kapitola 40 (26 min., 41 sek.) |
| 505 | 0 | 0 | |t Kapitola 41 (16 min., 19 sek.) |
| 505 | 0 | 0 | |t Kapitola 42 (11 min., 18 sek.) |
| 505 | 0 | 0 | |t Kapitola 43 (7 min., 14 sek.) |
| 505 | 0 | 0 | |t Kapitola 44 (11 min., 45 sek.) |
| 505 | 0 | 0 | |t Kapitola 45 (14 min., 27 sek.) |
| 505 | 0 | 0 | |t Kapitola 46 (12 min., 2 sek.) |
| 505 | 0 | 0 | |t Kapitola 47 (15 min., 8 sek.) |
| 505 | 0 | 0 | |t Kapitola 48 (18 min., 34 sek.) |
| 505 | 0 | 0 | |t Kapitola 49 (6 min., 25 sek.) |
| 505 | 0 | 0 | |t Kapitola 50 (18 min., 41 sek.) |
| 910 | |a RBIT002 | ||
| 998 | |d 354323 |a https://core.palmknihy.cz/api/books/354323/cover?sia8t7 |b https://core.palmknihy.cz/api/books/354323/cover/400?sia8t7 |c https://core.palmknihy.cz/api/books/354323/cover/50?sia8t7 |e 2029-03-08 |i 8594050430655 |l 55560 |q 49 |r 1 |s https://www.palmknihy.cz/kniha/354323 |t audiobook |y 2020 |z 0 | ||
| 999 | |d 313089 | ||